Guess The Sabrina Carpenter Song By Picture - Statistics

General Stats
  • This quiz has been taken 91 times
  • The average score is 8 of 12
Answer Stats
Picture Answer % Correct
Feather
98%
15 Minutes
97%
Espresso
93%
Paris
92%
Skin
90%
Emails I can't send
83%
Thumbs
78%
Shadows
58%
Blueberries
42%
Bad reviews
38%
White xmas
35%
Lonesome
23%
No matching quizzes found
Score Distribution
Percent of People with Each Score
Percentile by Number Answered
Your Score History
You have not taken this quiz